| 000 | 00359nam a2200133Ia 4500 | ||
|---|---|---|---|
| 005 | 20251222144724.0 | ||
| 008 | 251222s9999||||xx |||||||||||||| ||spa|| | ||
| 020 | _a84-9773-291--X | ||
| 082 | _a005.711/R75 | ||
| 100 | _aRodríguez de Soto, Adolfo | ||
| 245 | 0 | _aMetodología y Tecnología de la Programación | |
| 264 | _bUniversidad de León | ||
| 942 | _cLIB | ||
| 999 |
_c18339 _d18339 |
||